ბათუმის შოთა რუსთაველის სახელმწიფო უნივერსიტეტის ბიბლიოთეკა

Доктор Живаго (ბიბ.ჩანაწერი № 45374)

000 -LEADER
fixed length control field 00584nam a2200241Ia 4500
001 - CONTROL NUMBER
control field 12198
003 - CONTROL NUMBER IDENTIFIER
control field GE_BSU
008 - FIXED-LENGTH DATA ELEMENTS--GENERAL INFORMATION
fixed length control field 181216s||||||||xx |||||||||||||| ||und||
020 ## - INTERNATIONAL STANDARD BOOK NUMBER
International Standard Book Number 9785699406432
040 ## - CATALOGING SOURCE
Transcribing agency GE_BSU
080 ## - UNIVERSAL DECIMAL CLASSIFICATION NUMBER
Universal Decimal Classification number 821.161.1-31
100 ## - MAIN ENTRY--PERSONAL NAME
Personal name Пастернак,Борис
245 ## - TITLE STATEMENT
Title Доктор Живаго
245 ## - TITLE STATEMENT
Statement of responsibility, etc. Ред.А.Корина
260 ## - PUBLICATION, DISTRIBUTION, ETC.
Place of publication, distribution, etc. Москва
260 ## - PUBLICATION, DISTRIBUTION, ETC.
Name of publisher, distributor, etc. Эксмо
260 ## - PUBLICATION, DISTRIBUTION, ETC.
Date of publication, distribution, etc. 2014
300 ## - PHYSICAL DESCRIPTION
Extent 624стр.20см.
300 ## - PHYSICAL DESCRIPTION
Other physical details 1л. портрет
653 ## - INDEX TERM--UNCONTROLLED
Uncontrolled term Доктор Живаго
942 ## - ADDED ENTRY ELEMENTS (KOHA)
Koha item type წიგნი
ეგზემპლარები
Withdrawn status Lost status Damaged status Not for loan Date acquired Barcode Date last seen Price effective from Koha item type
        2018-12-17 36066 2018-12-17 2018-12-17 წიგნი
        2018-12-17 36067 2018-12-17 2018-12-17 წიგნი